Corneille y la tragedia política

Furkejuvvon:
Bibliográfalaš dieđut
Váldodahkki: Couton, Georges
Materiálatiipa: Girji
Giella:Undetermined
Almmustuhtton: México, Distrito Federal Fondo de Cultura Económica 1986
Fáttát:
Fáddágilkorat: Lasit fáddágilkoriid
Eai fáddágilkorat, Lasit vuosttaš fáddágilkora!

MARC

LEADER 00000nam a2200000Ia 4500
008 170316s9999 xx 000 0 und d
090 |a 100 C-46c 
100 |a Couton, Georges 
245 |a Corneille y la tragedia política 
260 |a México, Distrito Federal 
260 |b Fondo de Cultura Económica 
260 |c 1986 
300 |a 164 páginas 
650 |a FILOSOFÍA 
650 |a ESTÉTICA 
999 |c 15939  |d 15939 
040 |a cru BVZT 
942 |c 15 D  |h 100 C-46c  |2 z